logo

COMO ACTUAR ANTE UNA INSPECCION FISCAL | MATRIMONIO Y VIDA FAMILIAR PREPARACION AL MATRIMONIO (Record no. 29928)

MARC details
000 -CABECERA
campo de control de longitud fija 00825nam a2200313Ia 4500
001 - NÚMERO DE CONTROL
campo de control 25841
005 - FECHA Y HORA DE LA ÚLTIMA TRANSACCIÓN
campo de control 20260407082623.0
008 - CÓDIGOS DE INFORMACIÓN DE LONGITUD FIJA
campo de control de longitud fija 260115s9999 xx 000 0 und d
010 ## - NÚMERO DE CONTROL DE LA BIBLIOTECA DEL CONGRESO
Número de control de LC 29928
035 ## - NÚMERO DE CONTROL DEL SISTEMA
Número de control de sistema 16382
090 ## - LOCALMENTE ASIGNADO TIPO-LC NÚMERO DE CLASIFICACIÓN (OCLC); NÚMERO DE CLASIFICACIÓN LOCAL (RLIN)
Número de clasificación (OCLC) (R) ; Numero de clasificación CALL (RLIN) (NR) 336.225.61
001 - NÚMERO DE CONTROL
campo de control 20886
008 - CÓDIGOS DE INFORMACIÓN DE LONGITUD FIJA
campo de control de longitud fija 260115s9999 xx 000 0 und d
035 ## - NÚMERO DE CONTROL DEL SISTEMA
Número de control de sistema 13555
090 ## - LOCALMENTE ASIGNADO TIPO-LC NÚMERO DE CLASIFICACIÓN (OCLC); NÚMERO DE CLASIFICACIÓN LOCAL (RLIN)
Número de clasificación (OCLC) (R) ; Numero de clasificación CALL (RLIN) (NR) 242
100 ## - PUNTO DE ACCESO PRINCIPAL - NOMBRE DE PERSONA
Nombre de persona MONTALVO SANTAMARIA MILAGROS
100 ## - PUNTO DE ACCESO PRINCIPAL - NOMBRE DE PERSONA
Nombre de persona DELEGACION DIOCESANA
245 #0 - MENCIÓN DE TÍTULO
Título COMO ACTUAR ANTE UNA INSPECCION FISCAL
260 ## - PUBLICACIÓN, DISTRIBUCIÓN, ETC. (PIE DE IMPRENTA)
Nombre del editor distribuidor etc. CISS
Fecha de publicación distribución etc. 2000
245 #0 - MENCIÓN DE TÍTULO
Título MATRIMONIO Y VIDA FAMILIAR PREPARACION AL MATRIMONIO
260 ## - PUBLICACIÓN, DISTRIBUCIÓN, ETC. (PIE DE IMPRENTA)
Lugar de publicación distribución etc. MADRID
Nombre del editor distribuidor etc. CIUDAD NUEVA S.A.
Fecha de publicación distribución etc. 1990
300 ## - DESCRIPCIÓN FÍSICA
Dimensiones 24CM
300 ## - DESCRIPCIÓN FÍSICA
Dimensiones 24CM
630 ## - PUNTO DE ACCESO ADICIONAL DE MATERIA--TÍTULO UNIFORME
Título uniforme FISCALIDAD
650 ## - PUNTO DE ACCESO ADICIONAL DE MATERIA--TÉRMINO DE MATERIA
Término de materia o nombre geográfico como elemento inicial ECONOMIA
630 ## - PUNTO DE ACCESO ADICIONAL DE MATERIA--TÍTULO UNIFORME
Título uniforme TEOLOGIA PRACTICA
650 ## - PUNTO DE ACCESO ADICIONAL DE MATERIA--TÉRMINO DE MATERIA
Término de materia o nombre geográfico como elemento inicial LIBROS DE MEDITACION:DEVOCION FAMILIAR Y
942 ## - ELEMENTOS DE PUNTO DE ACCESO ADICIONAL (KOHA)
Tipo de ítem Koha Monografías
Holdings
Estado de retiro Estado de pérdida Estado dañado No para préstamo Código de colección Localización permanente Ubicación/localización actual Fecha de adquisición Total de préstamos Signatura topográfica completa Código de barras Fecha visto por última vez Número de copia Precio válido a partir de Tipo de ítem Koha Nota pública
          Servicio de Estudios Históricos Servicio de Estudios Históricos     336.225.61 22601 05/02/2026 1 05/02/2026 Monografías 24CM,334PAG,55615 (33,75),VALENCIA